Ułóż pytania na quiz Odpowiedź zaczyna się na "K" - Statystyki

Ogólne statystyki
  • Ten quiz został rozwiązany 17 razy
  • Średni wynik to 12 z 23
Statystyki odpowiedzi
Pytanie Odpowiedź % Poprawnych
Jaką nazwę nosi święta księga {Islamu}? Koran
94%
Jak nazywa(ł) się "Wieczny Przywódca {Korei}"? Kim Ir Sen
81%
Które miasto jest stolicą {Danii}? Kopenhaga
81%
Który z polskich królów miał przydomek "{Wielki}"? Kazimierz
81%
Podaj imię i nazwisko odkrywcy {Ameryki}. Krzysztof Kolumb
81%
Jaką potoczną nazwę nosił zakon rycerski, z którym wojska polskie stoczyły bitwę pod {Grunwaldem}? Krzyżacy
75%
Stolicą którego kraju jest {Astana}? Kazachstan
75%
Jaką nazwę nosi zebranie {kardynałów} mające na celu wybór nowego papieża? Konklawe
63%
Jaką nazwę nosi kraina na terytorium Hiszpanii, której stolicą jest {Barcelona}? Katalonia
56%
Jaką nazwę nosiła jednostka monetarna {Chorwacji} przed wprowadzeniem Euro? Kuna
56%
Jak miał na nazwisko autor "{O Obrotach} Sfer Niebieskich"? Kopernik
56%
Który z pierwiastków chemicznych oznacza się symbolem "{Si}"? Krzem
50%
Podaj polską nazwę amerykańskiego stanu, gdzie znajdują się takie miasta jak Los {Angeles} i San {Francisco}? Kalifornia
50%
Jaką nazwę nosiły oddziały chłopskie uzbrojone w kosę postawioną na sztorc w czasie powstania {kościuszkowskiego}? Kosynierzy
44%
Jaką nazwę w {ZSRR} nosiły spółdzielnie rolnicze? Kołchozy
44%
Jak w grze w pokera nazywa się układ {czterech} jednakowych kart w każdym z kolorów? Kareta
44%
Podaj nazwę {afrykańskiej} rzeki, której nazwę można kojarzyć z dwoma państwami na tym kontynencie. Kongo
44%
Jaką nazwę nosi druga obok tragedii forma {dramatu}, znana w starożytności? Komedia
31%
Jaką wspólną nazwę nosiło wojsko {konne} silnie uzbrojone i opancerzone, później również określenie dla dywizji pancernych? Kawaleria
31%
Jaką nazwę nosi figura geometryczna będąca płaszczyzną otoczoną {okręgiem}? Koło
25%
Jaką nazwę nosi kierunek w kulturze i sztuce europejskiej nawiązujący do wzorów kultury {antycznej}? Klasycyzm
25%
Z jakim krajem należy wiązać działalność tzw. "{Czerwonych} Khmerów"? Kambodża
25%
Jaką nazwę nosi ideologia społeczno-polityczna broniąca tradycyjnego {ładu} społecznego? Konserwatyzm
19%
Nie znaleziono quizów pasujących do podanych kryteriów
Rozkład punktacji
Procent ludzi z każdym wynikiem
Percentyl według liczby udzielonych odpowiedzi
Twoja historia wyników
Nie rozwiązałeś tego quizu